| 000 | 00433nam a2200145Ia 4500 | ||
|---|---|---|---|
| 008 | 231217s9999 xx 000 0 und d | ||
| 041 | _aEnglish | ||
| 082 | _a001.42 ARY;1 R | ||
| 100 | _aArya, P P ed. | ||
| 245 | 0 | _aResearch methodology in mangement : theory and case studies | |
| 260 |
_c2002 _bNew Delhi : Deep and Deep, |
||
| 300 | _axxv+650 | ||
| 650 | _aResearch,methodology,mangement,:,theory,case,studies | ||
| 942 | _cAA | ||
| 999 |
_c169231 _d169231 |
||